| 000 | 00690nam a2200193 a 4500 | ||
|---|---|---|---|
| 005 | 20140310183501.0 | ||
| 008 | 100225s19uu xx 00 eng d | ||
| 020 | _a9789812597274 | ||
| 050 |
_aRT 48.6 _b.N63 2007 |
||
| 245 |
_aNANDA, NOC, and NIC linkages : _bnursing diagnoses, outcomes, & interventions / _ceditor ; Marion Johnson...[et.al]. |
||
| 250 | _a2nd. ed. | ||
| 260 |
_aSingapore : _bElsevier, _c2007. |
||
| 300 |
_a698 p. : _bill. ; _c22 cm. |
||
| 521 | _aNUR | ||
| 650 |
_aNursing diagnosis _xHandbooks, manuals, etc, |
||
| 650 |
_aNursing care classification _xHandbooks, manuals, etc. 3. Patient care _xHandbooks, manuals, etc. |
||
| 942 |
_cBK _2lcc _kFOR |
||
| 999 |
_c23903 _d23903 |
||